Sangre de tinta / (Registro nro. 7024)

Detalles MARC
000 -CABECERA
Longitud fija campo de control 01138nam a2200337 a 4500
003 - • IDENTIFICADOR DELl NÚMERO DE CONTROL
Identificador del número de control CO-ViMGA
005 - • FECHA Y HORA DE LA ÚLTIMA TRANSACCIÓN
Fecha y hora de la última transacción 20230915233130.0
008 - • CÓDIGOS DE INFORMACIÓN DE LONGITUD FIJA
Códigos de información de longitud fija 151106s2012 mx a gr 00010dspa d
020 ## - • NÚMERO INTERNACIONAL NORMALIZADO PARA LIBROS
Número Internacional Normalizado para Libros (ISBN) 8498410304
020 ## - • NÚMERO INTERNACIONAL NORMALIZADO PARA LIBROS
Número Internacional Normalizado para Libros (ISBN) 9786071600066
040 ## - FUENTE DE LA CATALOGACIÓN
Centro catalogador de origen CO-ViMGA
Lengua de catalogación spa
Centro transcriptor CO-ViMGA
041 1# - • CÓDIGO DE LENGUA
Código de lengua original ger
043 ## - CÓDIGO DE ÁREA GEOGRÁFICA
Código de área geográfica e-gx---
082 04 - • NÚMERO DE LA CLASIFICACIÓN DECIMAL DEWEY
Número de clasificación (R) 833.91
Número del ítem F85s1
Número de edición 19
100 1# - • PUNTO DE ACCESO PRINCIPAL-NOMBRE DE PERSONA
Nombre de persona Funke, Cornelia,
Fechas asociadas al nombre 1958-
245 10 - • TITULO PROPIAMENTE DICHO
Título Sangre de tinta /
Mención de responsabilidad, etc. Cornelia Funke ; traducción de Rosa Pilar Blanco.
250 ## - • MENCIÓN DE EDICIÓN
Mención de edición Tercera reimpresión.
300 ## - • DESCRIPCIÓN FÍSICA
Extensión 671 páginas :
Otras características físicas ilustraciones ;
Dimensiones 21 cm.
490 1# - • MENCIÓN DE SERIE
Mención de serie A la orilla del viento ;
Designación de volumen o secuencia 194
504 ## - • NOTA DE BIBLIOGRAFÍA, ETC
Nota de bibliografía, etc. Incluye referencias bibliográficas (páginas 667-671)
534 ## - • Nota De Versión Original
-- Título original :
Título Tintenblut.
650 14 - • PUNTO DE ACCESO ADICIONAL DE MATERIA - TÉRMINO DE MATERIA
Término de materia o nombre geográfico como elemento inicial Autores
Subdivisión de forma Novela.
650 14 - • PUNTO DE ACCESO ADICIONAL DE MATERIA - TÉRMINO DE MATERIA
Término de materia o nombre geográfico como elemento inicial Encuadernación
Subdivisión de forma Novela.
650 14 - • PUNTO DE ACCESO ADICIONAL DE MATERIA - TÉRMINO DE MATERIA
Término de materia o nombre geográfico como elemento inicial Libros y lectura
Subdivisión de forma Novela.
650 14 - • PUNTO DE ACCESO ADICIONAL DE MATERIA - TÉRMINO DE MATERIA
Término de materia o nombre geográfico como elemento inicial Magia
Subdivisión de forma Novela.
650 14 - • PUNTO DE ACCESO ADICIONAL DE MATERIA - TÉRMINO DE MATERIA
Término de materia o nombre geográfico como elemento inicial Novela alemana.
700 1# - • PUNTO DE ACCESO ADICIONAL - NOMBRE DE PERSONA
Nombre de persona Blanco, Rosa Pilar,
Término indicativo de función traductora.
942 ## - ENTRADA DE ELEMENTOS AGREGADOS (KOHA)
Fuente de clasificaión o esquema Dewey Decimal Classification
Koha [por defecto] tipo de item LIbro
Existencias
Perdido Fuente de clasificación o esquema Estado Físico No para préstamo Forma de adquisición Localización permanente Localización actual Fecha adquisición Préstamos totales Signatura completa Código de barras Fecha última consulta Número de copia Fecha del precio de reemplazo Tipo de item de Koha Localización en estanterías
  Dewey Decimal Classification     Sala General Segundo Piso Biblioteca Pública Germán Arciniegas - Villavicencio Biblioteca Pública Germán Arciniegas - Villavicencio 04/27/2016   833.91 F85s1 29983 04/27/2016 Ej. 1 04/27/2016 LIbro  
  Dewey Decimal Classification     Colección General Biblioteca Pública Medellin del Ariari - El Castillo Biblioteca Pública Medellin del Ariari - El Castillo 11/06/2024   FUN1 Ej.1 BM0000034 11/06/2024 Ej.1 11/06/2024 LIbro Literatura









Instituto Departamental de Cultura del Meta - Red Departamental de Bibliotecas Públicas del Meta.